Logo BPK

Biblioteka

Politechniki Koszalińskiej

Urządzenia spawalnicze, narzędzia zmechanizowane, urządzenia do zabezpieczeń antykorozyjnych, urządzenia pomiarowo-kontrolne i urządzenia do badań nieniszczących. (Rekord nr 24096)

Szczegóły MARC
000 -ETYKIETA REKORDU
podpole kontrolne o stałej długości 00611nam a2200157 i 4500
001 - NUMER KONTROLNY REKORDU
pole kontrolne bg
040 ## - ŹRÓDŁO KATALOGOWANIA
Instytucja, która utworzyła rekord BPK
041 ## - KOD JĘZYKA
Kod języka tekstu pol
080 ## - UNIWERSALNA KLASYFIKACJA DZIESIĘTNA - UKD
UKD 621.9:620.1
008 - POLE O STAŁEJ DŁUGOŚCI - DANE KONTROLNE
podpole kontrolne o stałej długości s pl f |000 0 pol
245 0# - TYTUŁ/ODPOWIEDZIALNOŚĆ
Tytuł Urządzenia spawalnicze, narzędzia zmechanizowane, urządzenia do zabezpieczeń antykorozyjnych, urządzenia pomiarowo-kontrolne i urządzenia do badań nieniszczących.
260 ## - STREFA ADRESU WYDAWNICZEGO
Miejsce wydania Warszawa,
Data publikacji, dystrybucji/powstania dokumentu 1978.
490 1# - STREFA SERII I DOKUMENTU WIELOCZĘŚCIOWEGO - FORMA NIE DO WYSZUKIWANIA
Tytuł i oznaczenie odpowiedzialności serii Katalog Maszyn i Urządzeń montażowych oraz środków transportowych ;
Numeracja w obrębie serii 4
830 ## - HASŁO DODATKOWE SERII LUB DOKUMENTU WIELOCZĘŚCIOWEGO - TYTUŁ UJEDNOLICONY
Tytuł ujednolicony Katalog Maszyn i Urządzeń montażowych oraz środków transportowych ;
856 ## - LOKALIZACJA I DOSTĘP DO ELEKTRONICZNYCH DOKUMENTÓW ZDALNYCH
Link (URL) http://koha.tu.koszalin.pl/cgi-bin/koha/opac-detail.pl?biblionumber=24096
Tekst linku Katalog online BPK
942 ## - DODATKOWE ELEMENTY (KOHA)
Typ dokumentu Katalog
Egzemplarze
Wycofany Status egzemplarza Uszkodzony Dostępność Lokalizacja stała Lokalizacja bieżąca Miejsce przechowywania Sygnatura Kod kreskowy Dział Typ dokumentu
      Tylko na miejscu Biblioteka Politechniki Koszalińskiej Biblioteka Politechniki Koszalińskiej Czytelnia BG KC 1363 01988499 621.9 Obróbka skrawaniem Katalog
© 2023 Biblioteka Politechniki Koszalińskiej :: KOHA